| 000 | 00614nam a2200229Ia 4500 | ||
|---|---|---|---|
| 003 | OSt | ||
| 005 | 20220918214530.0 | ||
| 006 | a|||||r|||| 00| 0 | ||
| 007 | ta | ||
| 008 | 220917b |||||||| |||| 00| 0 eng d | ||
| 024 | _a137,872 | ||
| 037 | _cTextual | ||
| 040 |
_aARTS _cARTS _beng |
||
| 041 |
_2eng _aeng |
||
| 082 | _aYxM640bW, L4 | ||
| 100 |
_aBeetham David _916240 |
||
| 245 | 0 | _aMax Weber and the theory of modern politics | |
| 260 |
_aLondon _bGeorge Allen & unwin _c1974 |
||
| 650 | _aSOCIOLOGY | ||
| 942 |
_hYxM640bW, L4 _cTEXL _2CC |
||
| 999 |
_c260946 _d260946 |
||